| 000 | 00784nas a2200277 4500 | ||
|---|---|---|---|
| 001 | BR0706342 | ||
| 003 | BR-BrBNA | ||
| 005 | 20231205111246.0 | ||
| 007 | ta | ||
| 008 | 230509b bl.|||p| |||| 00| 00por d | ||
| 040 |
_aBR-BrBNA _bpor _cBiblioteca Nacional de Agricultura |
||
| 041 | _a(Pt) | ||
| 072 | _aL70; L53 | ||
| 100 | 1 | _aSantos, I.W. | |
| 100 | 1 | _aMezzalira, A. | |
| 100 | 1 | _aWeiss, R.R. | |
| 100 | 1 | _aKozicki, L.E. | |
| 245 | 1 | _aO etileno glicol na criopreservação do sêmen de touro | |
| 650 | _aTOURO | ||
| 650 | _aSÊMEN | ||
| 650 | _aETILENO | ||
| 650 | _aCRIOPRESERVAÇÃO | ||
| 773 | 0 |
_tArchives of Veterinary Science (Brazil) _xISSN 1517-784X _g(2001), v. 6(2) p. 32-35 _wBR0706342 |
|
| 909 |
_a202311 _bLúcia _c55 _dLúcia Elande |
||
| 942 |
_2AGRIS _n0 _cANA |
||
| 999 |
_c191675 _d191675 |
||